[Event "47th Rilton Cup 2017"]
[Site "?"]
[Date "2018.01.05"]
[Round "9"]
[White "Tari, Aryan"]
[Black "Chigaev, Maksim"]
[Result "0-1"]
[WhiteElo "2599"]
[BlackElo "2546"]
[Annotator "TA"]
[PlyCount "94"]
[EventDate "2018.??.??"]
[EventType "swiss"]
[EventCountry "SWE"]
[SourceTitle "Stockholm"]

{[%evp 25,94,24,22,22,49,49,38,45,52,37,41,26,10,0,5,0,0,0,8,10,7,0,0,0,0,0,0,0,0,-14,-14,-14,-14,-14,-14,-14,-14,-14,-12,-8,-8,-8,-8,-12,-22,-8,-14,-29974,-29975,-29975,-29976,-29977,-29978,-29978,-29979,-29979,-29980,-29980,-29981,-29981,-29982,-29982,-29983,-29986,-29987,-29987,-29988,-29988,-29989,-29989,-29989]} 1. e4 e5 2. Nf3 Nc6 3. Bb5 a6 4. Ba4 Nf6 5. O-O Be7 6. Re1 b5 7. Bb3 d6 8. c3 O-O 9. h3 Bb7 10. d4 Nd7 {C92: Spanische Partie (Tschigorin-Variante)} (10... Re8 11. Nbd2 Bf8 12. a3 h6 13. Bc2 Nb8 14. b3 Nbd7 15. Bb2 c5 16. d5 Bc8 17. a4 Rb8 18. axb5 axb5 19. Bd3 Nh5 20. Bf1 g6 21. Nh2 Ng7 22. Bd3 Nf6 {1-0 (49) Harikrishna,P (2744)-Ivanchuk,V (2726) Riadh 2017}) 11. a4 Na5 12. Bc2 c5 13. d5 Qc7 {LiveBook: 9 Partien} 14. Nfd2 {[#]} Nb6 $146 ({Vorgänger:} 14... f5 15. b4 Nc4 16. Nxc4 bxc4 17. bxc5 Nxc5 18. exf5 {1-0 (47) Kruis,R (2486)-Buecker,J (2559) ICCF email 2012}) 15. b4 cxb4 $1 16. cxb4 Nac4 17. Nxc4 Qxc4 18. Be3 Nxa4 19. Bxa4 bxa4 20. Nd2 Qb5 $1 ({Falsch wäre} 20... Qxb4 $2 21. Rb1 $18) 21. Qxa4 Qxa4 22. Rxa4 f5 23. f3 fxe4 24. fxe4 Rac8 25. b5 axb5 26. Ra7 Bh4 27. Rb1 Rc3 28. Nf3 Rxe3 29. Nxh4 {Sf5 ist eine echte Drohung.} Rxe4 30. Rxb7 {Schwarz muss nun Sf3 beachten.} Rxh4 31. R1xb5 $11 {[%mdl 4096] Endspiel KTT-KTT} Rd8 32. Rb8 Rxb8 33. Rxb8+ {KT-KT} Kf7 {Droht ...Td4 und aus.} 34. Rb7+ Kf6 {Und weiter mit ...Td4 wäre nett.} 35. Rd7 Rh6 36. Rxd6+ $2 {[%mdl 8192]} (36. Kf2 $11 Kf5 37. Ke3) 36... Ke7 $1 {[%cal Re7d6] Schwarz setzt Matt.} 37. Rxh6 gxh6 {K3B-K3B} 38. g4 Kd6 39. Kf2 Kxd5 {K3B-KBB} 40. Ke3 {[#]} e4 $1 {[%cal Be5e4,Be4e3,Be3e2][%mdl 32]} 41. Ke2 Kd4 42. Kd2 {[#]} e3+ $1 43. Ke2 Ke4 44. Ke1 Kf3 45. Kf1 e2+ 46. Ke1 Ke3 ({Nicht} 46... Kg3 47. Kxe2 Kh4 48. Kf3 $11) 47. h4 Kf3 {Precision: Weiß = 54%, Schwarz = 84%.} 0-1

[Event "47th Rilton Cup 2017"]
[Site "?"]
[Date "2018.01.05"]
[Round "9"]
[White "Sokolov, Ivan"]
[Black "Koykka, Pekka"]
[Result "1/2-1/2"]
[WhiteElo "2589"]
[BlackElo "2370"]
[Annotator "TA"]
[PlyCount "104"]
[EventDate "2018.??.??"]
[EventType "swiss"]
[EventCountry "SWE"]
[SourceTitle "Stockholm"]

{[%evp 10,104,20,19,21,18,30,15,9,12,22,18,20,22,24,18,15,14,22,-11,-11,-16,-17,-25,-2,-14,0,-34,-34,-25,97,16,92,74,70,60,70,69,137,29,14,26,25,16,27,37,37,10,11,0,0,0,6,0,64,0,14,0,0,0,0,0,0,-149,-148,-240,-217,-230,-224,-312,-281,-539,-535,-499,-489,-606,-1164,-1129,-179,-181,0,-1099,-1106,-897,-1056,-956,-924,-854,-843,-683,0,-250,0,-615,0,-239,0]} 1. d4 f5 2. Nc3 Nf6 3. Bg5 d5 4. e3 e6 5. Nf3 Be7 6. Bd3 O-O {A80: Dutch Defence: Unusual White second moves} 7. O-O Ne4 8. Bxe7 Qxe7 {The position is equal.} 9. Ne2 c5 (9... Nd6 10. Rc1 Nd7 11. c4 c6 12. Qb3 Kh8 13. Qa3 a5 14. Ne5 {½-½ (45) So,W (2770)-Carlsen,M (2855) Leuven 2016}) 10. c4 dxc4 11. Bxe4 fxe4 12. Ne5 b5 {[%cal Bb7b5,Bb5b4][%mdl 32]} 13. a4 b4 14. Nxc4 {[#]} Ba6 $146 15. Rc1 Nd7 $1 16. a5 Rac8 17. d5 Rcd8 18. d6 (18. Nf4 $5 {[%cal Rf4e6]} Nf6 19. d6 $11) 18... Qf6 19. Ng3 $1 Qh4 (19... Ne5 $11 20. Nxe4 Qh4) 20. Qc2 (20. h3 $16) 20... Bb7 (20... Nf6 $1 $11) 21. Nd2 $36 {[%cal Rd2e4][%mdl 2048] Keeping Black busy.} Ba6 22. Ndxe4 Bxf1 23. Rxf1 Nf6 (23... Qg4 $14) 24. h3 ({White must play} 24. Qc4 $1 $16) 24... Nxe4 $11 25. Nxe4 Rf5 $1 26. Qc4 Rd5 27. f4 Qh6 28. Kh2 {[%mdl 1024] aiming for f5. White has compensation.} Qg6 29. a6 h6 30. Ra1 Qe8 31. b3 Kh8 ({Black should try} 31... Qc6 $11) 32. Rc1 (32. Ra5 $1 $14) 32... Qc6 33. Rc2 {[%cal Re4c5]} Qb6 34. Rf2 Qc6 35. Rc2 Qb6 36. f5 (36. Qe2 $11 {remains equal.}) 36... R8xd6 $1 $17 37. f6 (37. Nxd6 $17 {was called for.} Qxd6+ 38. Qf4) 37... Rd8 $19 ({Wrong is} 37... Qxa6 $2 38. f7 $18) 38. fxg7+ Kxg7 39. Nxc5 {intending Qg4+.} Qd6+ 40. Kg1 $2 (40. Qf4 {was forced.}) 40... Rd1+ 41. Kf2 Rd2+ $1 42. Rxd2 Qxd2+ {[%mdl 4096] Endgame KQR-KQN} 43. Kf1 Qd1+ $2 (43... Rf8+ 44. Kg1 Qxe3+ 45. Kh2 Qe5+ 46. Kg1 Qe1+ 47. Kh2 Qe5+ 48. Kg1 Qe1+ 49. Kh2 Rf1 50. Qd4+ Kg6 51. Qd3+ Kh5 52. g4+ Kg5 53. Qd8+ Kg6 54. Qe8+ Rf7 55. Qxe6+ Qxe6 56. Nxe6 Rf6) 44. Kf2 Qd2+ $2 (44... Rd2+ 45. Kg3 Qe1+ 46. Kh2 Qxe3 47. Nxe6+ Kf6) 45. Kf1 $1 Rf8+ 46. Kg1 Qxe3+ 47. Kh2 Qe5+ 48. Kh1 Qe1+ 49. Kh2 {[#]} Qe5+ $2 (49... Rf1 $1 $19 {[%csl Ge1][%cal Rf1h1]} 50. Qd4+ Kg6 51. Qd3+ Kh5 52. g4+ Kg5 53. Qd8+ Kg6 54. Qg8+ Kf6 55. Qd8+ Kg7 56. Qe7+ Kg6 57. Qxe6+ Qxe6 58. Nxe6 Rf6) 50. Kg1 $2 (50. Kh1 $11) 50... Qe1+ $2 (50... Rf6 51. Qxb4 Rf5) 51. Kh2 {[#]} Qe5+ $2 (51... Rf1 $1 {[%csl Ge1][%cal Rf1h1]} 52. Qd4+ Kg6 53. Qd3+ Kh5 54. g4+ Kg5 55. Qd8+ Kg6 56. Qg8+ Kf6 57. Qd8+ Kg7 58. Qe7+ Kg6 59. Qe8+ Rf7 60. Qxe6+ Qxe6 61. Nxe6 Rf3) 52. Kg1 Qe1+ $2 {Precision: White = 38%, Black = 55%.} ({Better is} 52... Rf6 $19 53. Nd3 Qd5 54. Qg4+ Kh7) 1/2-1/2

[Event "47th Rilton Cup 2017"]
[Site "?"]
[Date "2018.01.05"]
[Round "9"]
[White "Antipov, Mikhail Al"]
[Black "Kulaots, Kaido"]
[Result "*"]
[WhiteElo "2588"]
[BlackElo "2591"]
[PlyCount "31"]
[EventDate "2018.??.??"]
[EventType "swiss"]
[EventCountry "SWE"]
[SourceTitle "Stockholm"]
[TimeControl "40/5400+30:1800+30"]
[WhiteClock "1:19:52"]
[BlackClock "1:21:36"]

1. e4 {[%emt 0:01:30]} c5 {[%emt 0:00:00]} 2. Nf3 {[%emt 0:00:06]} e6 {[%emt 0:00:15]} 3. d4 {[%emt 0:00:19]} cxd4 {[%emt 0:00:07]} 4. Nxd4 {[%emt 0:00:04]} Nc6 {[%emt 0:00:28]} 5. Nc3 {[%emt 0:00:11]} Qc7 {[%emt 0:00:17]} 6. Be3 {[%emt 0:00:34]} a6 {[%emt 0:02:35]} 7. Qf3 {[%emt 0:00:29]} Nf6 {[%emt 0:01:54]} 8. O-O-O {[%emt 0:00:11]} Ne5 {[%emt 0:00:20]} 9. Qg3 {[%emt 0:00:08]} b5 {[%emt 0:00:17]} 10. f4 {[%emt 0:00:21]} Neg4 {[%emt 0:00:56]} 11. Bg1 {[%emt 0:00:09]} h5 {[%emt 0:01:44]} 12. Bd3 {[%emt 0:02:54]} Bb7 {[%emt 0:04:56]} 13. e5 {[%emt 0:07:04]} b4 {[%emt 0:02:53]} 14. Na4 {[%emt 0:00:54]} Nd5 {[%emt 0:00:13]} 15. h3 {[%emt 0:00:31]} Nh6 {[%emt 0:00:43]} 16. f5 {[%emt 0:00:59]} *

[Event "47th Rilton Cup 2017"]
[Site "?"]
[Date "2018.01.05"]
[Round "9"]
[White "Santos Latasa, Jaime"]
[Black "Percivaldi, Martin"]
[Result "1/2-1/2"]
[WhiteElo "2546"]
[BlackElo "2391"]
[Annotator "TA"]
[PlyCount "60"]
[EventDate "2018.??.??"]
[EventType "swiss"]
[EventCountry "SWE"]
[SourceTitle "Stockholm"]

{[%evp 15,60,12,20,14,13,18,18,12,23,18,22,25,28,23,29,25,25,20,24,24,28,13,25,26,24,6,8,0,23,20,17,18,18,20,21,19,21,20,20,22,22,22,23,26,20,26,47]} 1. Nf3 d5 2. c4 c6 3. d4 Nf6 4. Qc2 e6 5. Bf4 Bd6 (5... Be7 6. e3 Nh5 7. Nc3 Nd7 8. O-O-O Nxf4 9. exf4 O-O 10. h4 Qc7 11. g3 Nf6 12. Ne5 c5 13. Bg2 Rd8 14. Kb1 Rb8 15. Rhe1 a6 {1-0 (46) Navara,D (2737)-Korobov,A (2687) Czech Republic 2017}) 6. Bxd6 {D30: Queen's Gambit Declined: Systems without Nc3} Qxd6 7. e3 Nbd7 8. Nc3 O-O {LiveBook: 4 Games} 9. Bd3 dxc4 10. Bxc4 e5 11. Be2 $146 ({Predecessor:} 11. Rd1 Qe7 12. O-O exd4 13. exd4 {0-1 (64) Tejnsky,B (1957)-Baum,B (2260) Novy Bor 2010}) 11... exd4 12. Nxd4 Nc5 13. O-O Qe7 14. Rad1 Bd7 15. Rfe1 Rad8 16. Bf1 Nfe4 17. Nb1 Nf6 18. f3 g6 19. e4 Ne6 20. Nb3 Bc8 21. Nc3 Rxd1 22. Rxd1 Rd8 23. Rxd8+ Qxd8 24. Qd2 Qb6+ 25. Qf2 Nd7 26. Qxb6 Nxb6 27. Kf2 Kf8 28. Ke3 f6 29. f4 Ke7 30. g3 Kd6 {Precision: White = 79%, Black = 68%.} 1/2-1/2

[Event "47th Rilton Cup 2017"]
[Site "?"]
[Date "2018.01.05"]
[Round "9"]
[White "Hillarp Persson, Tiger"]
[Black "Sasikiran, Krishnan"]
[Result "0-1"]
[WhiteElo "2545"]
[BlackElo "2680"]
[Annotator "TA"]
[PlyCount "76"]
[EventDate "2018.??.??"]
[EventType "swiss"]
[EventCountry "SWE"]
[SourceTitle "Stockholm"]

{[%evp 9,76,45,30,37,65,68,77,22,28,13,33,29,32,29,31,22,30,23,28,15,23,36,21,0,0,0,0,0,0,0,0,0,0,0,0,0,0,0,0,0,0,0,0,0,0,0,0,-12,0,0,0,-47,-40,-77,-66,-64,-62,-87,-122,-294,-279,-375,-365,-552,-527,-582,-581,-915,-924]} 1. c4 e5 2. Nc3 Nc6 3. g3 f5 4. Nf3 Nf6 (4... d6 5. d4 e4 6. d5 Ne5 7. Nxe5 dxe5 8. g4 g6 9. gxf5 gxf5 10. Rg1 Nf6 11. Bg5 Be7 12. e3 Rg8 {1-0 (27) Aronian,L (2793)-Ivanchuk,V (2738) Leuven 2017}) 5. d4 e4 6. Nh4 {[%cal Bf3h4,Bh4g2,Bg2f4][%mdl 32] A27: English Opening: Three Knights Variation} d5 7. Bg5 $1 Bb4 8. e3 (8. cxd5 $1 $16 Qxd5 9. Bxf6 gxf6 10. e3) 8... O-O $11 9. Ng2 h6 $146 ({Find the theoretical novelty and annotate with similar games:} 9... Be6 10. Nf4 Qd7 11. Bxf6 Rxf6 12. h4 {½-½ (32) Rydl,J (2257)-Petr,J (2202) Olomouc 2014}) 10. Bxf6 Rxf6 (10... gxf6 $2 11. Nf4 $18 (11. cxd5 Qxd5 12. Qh5 Ne7 $16)) 11. Nf4 Ne7 12. cxd5 Nxd5 13. Qb3 Bxc3+ 14. bxc3 c6 $1 {[%cal Bc7c6,Bc6d5][%mdl 32]} 15. Bc4 {[%cal Rc4d5]} Rd6 16. O-O g5 {[%cal Bg7g5,Bg5g4][%mdl 32]} 17. Nxd5 cxd5 18. Be2 f4 19. f3 Rb6 20. Qc2 exf3 ({Much weaker is} 20... fxe3 $6 21. fxe4 Qe7 22. e5 $16 (22. exd5 Bh3 $16)) 21. Bxf3 g4 $1 {[%cal Rg4f3]} ({Of course not} 21... fxe3 $6 22. Rab1 $16) 22. Bxd5+ Qxd5 23. Rxf4 Qg5 24. Raf1 $1 {White threatens Rf8+ and mate.} Be6 25. c4 {[%cal Bc3c4,Bc4c5][%mdl 32] And now d5 would win.} Kh8 26. d5 {Strongly threatening c5.} Bg8 27. c5 Ra6 28. e4 (28. d6 {NOTEXT} Qe5 29. Rxg4 Bd5 30. Qg6 Qxe3+ 31. Rf2) 28... Qe5 29. Qd2 Rg6 30. Qb4 (30. Rf5 $5 {[%cal Rf5e5]} Qxe4 31. Rh5 $15) 30... Re8 31. a4 {[#]} a5 $1 {[%cal Ra5b4]} 32. Qd2 (32. Qxa5 Qd4+) 32... Rc8 33. Rf5 Qxe4 34. Qc3+ $2 {[#]} (34. d6 $17 {is the only way for White.} Qxa4 35. Qb2+ Rg7 36. Qd2) 34... Rg7 $1 $19 35. R1f4 {[#]} Qb1+ $1 36. Kf2 (36. Rf1 $142 Qb4 37. Rc1) 36... Qa2+ {Black is clearly winning.} 37. Kg1 {White wants to play Rxg4.} Bxd5 {[%csl Gd5][%cal Ra2g2]} 38. Rf2 Qb1+ {Precision: White = 48%, Black = 79%.} 0-1

[Event "47th Rilton Cup 2017"]
[Site "?"]
[Date "2018.01.05"]
[Round "9"]
[White "Rasmussen, Allan Stig"]
[Black "Piorun, Kacper"]
[Result "1-0"]
[WhiteElo "2543"]
[BlackElo "2656"]
[Annotator "TA"]
[PlyCount "69"]
[EventDate "2018.??.??"]
[EventType "swiss"]
[EventCountry "SWE"]
[SourceTitle "Stockholm"]

{[%evp 11,69,33,46,39,44,35,54,46,83,56,58,22,36,11,106,98,110,96,147,141,160,164,176,120,118,116,117,117,117,117,128,118,204,203,216,218,245,192,304,320,458,0,251,0,479,467,453,449,429,431,402,432,569,445,511,529,700,696,870,686]} 1. d4 Nf6 2. Nf3 e6 3. c4 d5 4. Nc3 Bb4 5. Qb3 a5 (5... c5 6. dxc5 Qa5 7. Bd2 dxc4 8. Qxc4 Qxc5 9. Qxc5 Bxc5 10. Rc1 O-O 11. e3 Nc6 12. Be2 Bd7 13. O-O Rfd8 14. Rfd1 {½-½ (41) Wang,H (2709)-Mamedyarov,S (2799) Huaian 2017}) 6. Bg5 {D38: Queen's Gambit Declined: Ragozin Defence (4 Nf3 Bb4)} c6 {LiveBook: 8 Games} 7. a3 Be7 8. e3 {White is slightly better.} b6 $146 ({Predecessor:} 8... h6 9. Bh4 O-O 10. Be2 b6 11. O-O Ba6 12. Bxf6 Bxf6 13. Rfd1 {1-0 (35) Le Roux,J (2576)-Vuilleumier,A (2321) Geneve 2013}) 9. Rc1 Ba6 10. cxd5 Bxf1 11. Rxf1 exd5 12. Na4 {Hoping for Bxf6.} Nfd7 (12... b5 $11 {keeps the balance.} 13. Nc5 O-O) 13. Bxe7 $16 Kxe7 {[#]} 14. e4 $1 {[%cal Be3e4,Be4d5][%mdl 544]} Re8 ({Black should play} 14... b5) (14... dxe4 15. Ng5) 15. exd5 Kf8+ 16. Kd1 {[%cal Be1d1,Bd1c1,Bc1b1][%mdl 32]} c5 {[#]} ({Not} 16... Qe7 $2 17. Re1 $18) 17. dxc5 (17. Re1 $1 $18) 17... Nxc5 18. Nxc5 bxc5 19. Rxc5 Nd7 20. Rc2 Nf6 21. Kc1 Rc8 (21... Qxd5 $16 22. Qxd5 Nxd5) 22. Rd1 $18 Ne4 23. Kb1 Qd7 24. Rd4 Nc5 (24... Nd6 {keeps fighting.} 25. Rxc8 Rxc8) 25. Qb6 Na4 (25... Nb7 $142 26. Rc6 Kg8) 26. Qb3 (26. Qxa5 $142 Rxc2 27. Kxc2 Rc8+ 28. Kb3 Nc5+ 29. Ka2) 26... Nc5 27. Qb6 $2 (27. Qc3) 27... Na4 $1 {[%cal Ra4b6]} 28. Qxa5 Rxc2 29. Kxc2 Rc8+ 30. Kb3 Nc5+ 31. Ka2 Kg8 {White is clearly winning.} 32. Qd2 Rb8 33. Ne5 Qe8 34. Nc6 Nb3 35. Rb4 {Precision: White = 70%, Black = 25%.} 1-0

[Event "47th Rilton Cup 2017"]
[Site "?"]
[Date "2018.01.05"]
[Round "9"]
[White "Ivanov, Sergey"]
[Black "Niemi, Kalle"]
[Result "1-0"]
[WhiteElo "2540"]
[BlackElo "2345"]
[Annotator "TA"]
[PlyCount "179"]
[EventDate "2018.??.??"]
[EventType "swiss"]
[EventCountry "SWE"]
[SourceTitle "Stockholm"]

{[%evp 22,179,27,25,31,0,8,0,23,24,30,32,45,35,44,41,44,50,46,41,105,105,93,93,197,200,217,201,247,249,243,222,211,208,207,206,231,218,227,223,224,219,223,208,208,215,205,206,233,227,237,233,239,195,193,0,232,231,247,195,200,188,198,186,207,170,215,199,254,255,265,258,295,270,233,243,293,289,281,286,283,286,283,285,245,203,203,203,203,203,203,190,364,187,162,90,129,118,97,97,116,90,148,141,705,669,861,861,861,854,854,854,847,0,0,0,0,0,839,839,832,825,804,804,776,714,2286,2084,691,1886,1893,773,29958,11433,2945,2636,2524,2276,2276,2269,2313,2272,2205,2171,1905,1828,1760,1716,1708,1697,1604,1249,29972,29973,29983,29984,29984,29985,29986,29986]} 1. Nf3 Nf6 2. c4 e6 3. Nc3 d5 4. d4 Nbd7 5. cxd5 exd5 6. Bg5 c6 7. e3 h6 {D35: Queen's Gambit Declined: Exchange Variation} (7... Be7 8. Bd3 Ne4 9. Bxe4 Bxg5 10. Bd3 Be7 11. O-O g6 12. Rb1 O-O 13. b4 a6 14. a4 Nb6 15. a5 Nd7 16. Na4 Bd6 17. Qc2 Nf6 {1-0 (94) Bu,X (2730)-Sjugirov,S (2650) Riadh 2017}) 8. Bh4 g5 9. Bg3 Nh5 10. Bd3 Nxg3 11. hxg3 Bg7 12. Qc2 {LiveBook: 35 Games} Nb6 13. O-O-O Qe7 14. e4 dxe4 15. Nxe4 $146 ({Predecessor:} 15. Bxe4 Be6 16. Rhe1 g4 17. Ne5 O-O-O 18. Nxf7 Qxf7 19. Bg6 Qf8 20. Rxe6 Bxd4 21. Nb5 {0-1 (21) Longa Yauca,J (2294)-Santos Ruiz,M (2484) Sitges 2016}) 15... Be6 16. Nc5 O-O-O 17. Rhe1 Kb8 18. Bf5 {[%cal Rf5e6]} Rd6 19. Bxe6 fxe6 20. Qb3 $36 {[%cal Rc5e6][%mdl 2048] White is more active.} Re8 (20... g4 $14 21. Ne5 Rhd8) 21. Re4 $1 $16 Rd5 22. Nxe6 Qd6 (22... g4 $16 {keeps fighting.}) 23. Nexg5 $18 Rc8 24. Ne6 c5 25. Nxg7 cxd4+ 26. Kb1 Qg6 27. Qd3 Qxg7 28. Rxd4 Rdc5 29. Rd8 Nc4 {[%csl Gc4][%cal Rg7b2]} 30. Rxc8+ Rxc8 {[%csl Gc4][%cal Rg7b2]} 31. Qd4 Qg6+ 32. Ka1 Qc2 33. Qf4+ ({But not} 33. b3 $6 Nb2 $14) 33... Ka8 {[%csl Gc4][%cal Rc2b2]} 34. Qc1 Qe2 35. b3 {Black must now prevent Rd2.} Nb6 36. Qd2 Qe6 37. Qd6 Qe2 {Strongly threatening ...Rc2.} 38. Qd2 Qe6 $1 39. Kb2 a6 40. Re1 Qf6+ 41. Ne5 Rd8 42. Qe3 Qd6 43. Rc1 Qb4 44. f4 Rd2+ (44... h5 {was called for.} 45. Nf3 Rg8) 45. Rc2 Rd1 {[%csl Gb4][%cal Rb6a4]} 46. a3 Qb5 47. Rd2 Rxd2+ 48. Qxd2 a5 49. Qd3 Qc5 50. Ng4 a4 51. Ne3 ({Stronger than} 51. Nxh6 Qf2+ 52. Kc3 Qc5+ 53. Kb2 Qf2+ 54. Kc3 Qc5+ 55. Kb2 $11) 51... axb3 52. Kxb3 Nd7 53. Qxd7 Qxe3+ {[%mdl 4096] Endgame [#] KQ-KQ} 54. Kb4 $1 Qxg3 55. Qd8+ Ka7 56. Qd4+ Kb8 $2 (56... b6 57. Qe4 Qf2) 57. Qd6+ (57. f5 $142) 57... Ka7 58. Qxh6 (58. Qc5+ $18 Kb8 59. Qe5+ Ka7 60. Qe4) 58... Qxg2 59. Qd6 Qb2+ 60. Kc4 {And now Qd4+ would win.} Qc2+ 61. Kd4 Qd2+ (61... Qd1+ $142 62. Ke5 Qe1+ 63. Kf5 Qh4 64. Qd4+ Ka8) 62. Ke5 $16 Qe2+ $2 {[%mdl 8192] [#]} (62... Qe1+ $16 63. Kf5 Qh4 64. Qd4+ b6) 63. Kf6 $1 $18 Qh5 64. f5 Qh6+ 65. Ke7 Qh7+ 66. Ke6 Qg8+ 67. Ke5 $2 ({White must play} 67. Kf6 $18 {aiming for a4.} Qh8+ 68. Kg5) 67... Qg3+ $11 68. Kd5 Qg2+ $1 69. Ke6 $2 {[%mdl 8192]} (69. Kd4 $11 Qf2+ 70. Ke5 Qg3+ 71. Ke6 Qg8+ 72. Ke5) 69... Qg8+ $1 $18 70. Kf6 Qh8+ 71. Kg5 Qg7+ 72. Qg6 Qe7+ 73. Qf6 Qxa3 74. Qd4+ Ka6 75. f6 Qg3+ 76. Kf5 (76. Kh6 $142 Qg8 77. Qd7 Qf8+ 78. Kg6) 76... Qf3+ 77. Ke6 Qe2+ 78. Qe5 Qc4+ 79. Ke7 Qh4 80. Kd7 Qa4+ 81. Kd8 Qh4 82. Qe7 Qd4+ 83. Ke8 Qa4+ 84. Qd7 Qe4+ 85. Kf8 Qb4+ 86. Kg8 b6 87. Qc8+ {White mates.} Ka5 88. f7 Qb3 89. Qf5+ b5 90. Kh7 {Precision: White = 70%, Black = 46%.} 1-0

[Event "47th Rilton Cup 2017"]
[Site "?"]
[Date "2018.01.05"]
[Round "9"]
[White "Narayanan, Srinath"]
[Black "Hammer, Jon Ludvig"]
[Result "0-1"]
[WhiteElo "2527"]
[BlackElo "2621"]
[Annotator "TA"]
[PlyCount "72"]
[EventDate "2018.??.??"]
[EventType "swiss"]
[EventCountry "SWE"]
[SourceTitle "Stockholm"]

{[%evp 19,72,29,45,46,37,44,41,45,38,33,39,45,40,29,28,0,9,8,8,6,30,32,38,42,43,16,29,1,10,0,0,0,0,-9,-14,-70,-39,-108,-105,-112,-93,-96,-74,-336,-333,-312,-323,-29982,-29983,-29984,-29985,-29985,-29986,-29986,-29987]} 1. e4 {[%cal Be2e4,Be4e5][%mdl 32]} c6 2. d4 d5 3. e5 Bf5 4. Nf3 e6 5. Be2 Ne7 6. c3 Nd7 7. O-O c5 8. dxc5 Nxc5 {B12: Caro-Kann: Advance Variation} (8... Nc6 9. b4 a5 10. Nd4 Bg6 11. b5 Ncxe5 12. f4 Nc4 13. c6 bxc6 14. bxc6 Nf6 15. Qa4 Bc5 16. Na3 {0-1 (26) Dominguez Perez,L (2739)-So,W (2788) Saint Louis 2017}) 9. Nd4 Bg6 10. Be3 Nc6 {LiveBook: 4 Games. White has an edge.} 11. c4 dxc4 12. Nxc6 bxc6 13. Qc1 $146 ({Predecessor:} 13. Bxc4 Qc7 14. f4 Be7 15. Nc3 O-O 16. Qe2 {1-0 (44) Baklan,V (2646)-Halldorsson,B (2240) Reykjavik 2010}) 13... Bd3 14. Rd1 {And now Bxd3 would win.} Qc7 15. Bxc5 $1 Bxe2 16. Bxf8 Kxf8 ({Not} 16... Bxd1 $2 17. Bd6 $18) 17. Re1 Bd3 18. Na3 Rb8 19. Qc3 g5 20. b3 Kg7 21. Nxc4 Bxc4 22. Qxc4 Rhd8 {[%cal Bh8d8,Bd8d2,Bd2a2][%mdl 32]} 23. Qg4 Qe7 24. Rac1 Rb4 25. Qg3 Rd2 26. Rxc6 Rxa2 27. Rec1 ({Better is} 27. Rc8 $11) 27... h6 28. Qe3 ({White should play} 28. R6c4 $15) 28... Qb7 $17 29. R6c3 Qe4 $40 {[%mdl 128] Black has strong attack.} 30. g3 Qf5 31. Rc8 $2 {[%mdl 8192] [#]} (31. Qf3 $17) 31... Rxb3 $3 $19 {[%mdl 512]} 32. Qc5 {[#]} (32. Qxb3 Qxf2+) 32... Rb5 $3 {[%mdl 512]} 33. Qf8+ $2 (33. Qe3 $19) (33. Qxb5 Qxf2+) 33... Kg6 {Black mates.} 34. Rf1 Rb1 35. Qc5 Rxf1+ 36. Kxf1 Qf3 {Precision: White = 49%, Black = 63%.} 0-1

[Event "47th Rilton Cup 2017"]
[Site "?"]
[Date "2018.01.05"]
[Round "9"]
[White "Nihal, Sarin"]
[Black "Dragnev, Valentin"]
[Result "1-0"]
[WhiteElo "2524"]
[BlackElo "2466"]
[Annotator "TA"]
[PlyCount "80"]
[EventDate "2018.??.??"]
[EventType "swiss"]
[EventCountry "SWE"]
[SourceTitle "Stockholm"]

{[%evp 15,80,14,13,0,0,0,0,0,0,-8,0,-5,0,-22,-12,-20,0,-4,0,0,0,0,0,0,14,22,33,29,34,25,20,5,21,16,66,57,74,74,83,80,80,79,76,73,78,56,658,276,647,653,645,643,658,656,636,502,494,491,481,476,425,417,29987,29983,29983,5389,5273]} 1. d4 d5 2. c4 e6 3. Nc3 Nf6 4. cxd5 Nxd5 5. e4 Nxc3 6. bxc3 c5 7. Rb1 Be7 {D35: Queen's Gambit Declined: Exchange Variation} 8. Bb5+ Bd7 {LiveBook: 9 Games} 9. Bxd7+ Nxd7 {The position is equal.} 10. Nf3 $146 ({Find the theoretical novelty and annotate with similar games:} 10. Rxb7 cxd4 11. cxd4 Nb6 12. Qd2 Qc8 13. Rxe7+ Kxe7 14. Nf3 f6 15. O-O {0-1 (60) Nepomniachtchi,I (2751)-Hou,Y (2652) Moscow 2017}) 10... Qc7 11. O-O O-O 12. Qe2 Nf6 13. Bg5 {[%cal Bc1g5,Bg5h4,Bh4g3][%mdl 32]} h6 14. Bh4 b6 15. Rfe1 Rfd8 16. Rbd1 Ne8 17. Bg3 Bd6 18. d5 exd5 19. exd5 Nf6 {next ...Bxg3 is good for Black.} 20. c4 b5 21. cxb5 Bxg3 22. hxg3 Rxd5 23. Qc4 Rad8 24. Rc1 Nh7 25. Qc3 Qb6 26. a4 {[%cal Ba2a4,Ba4b5,Bb5b6,Bb6b7][%mdl 32]} a6 27. Rb1 axb5 28. axb5 c4 29. Qxc4 Rc5 30. Qb3 Rdd5 $2 {[%mdl 8192]} (30... Nf6 $14) 31. Re8+ $18 Nf8 {[%cal Rb6b5]} 32. Qa3 Qd6 33. b6 {aiming for b7.} Rb5 {[#]} 34. Rxb5 $1 {Intending Qxd6 and mate.} Rd1+ 35. Kh2 {Qxd6 would kill now.} Qxa3 36. b7 Qc1 {[%csl Gc1][%cal Rd1h1] [#]} 37. Rxf8+ $1 {[%mdl 512]} Kh7 {[%csl Gc1][%cal Rd1h1] [#]} (37... Kxf8 38. b8=Q+) 38. Rh8+ $1 {[%mdl 512]} Kg6 (38... Kxh8 $18 39. b8=Q+ Kh7) 39. Nh4+ Kf6 40. Rf5+ (40. Rb6+ $142 Ke7 41. Nf5+ Kd7 {[#]} 42. Rd6+ $1 {[%mdl 512]} Rxd6 43. b8=Q Rd1 44. Qe8+ Kc7 45. Qc8+ Kb6 46. Qb8+ Ka6 47. Qa8+ Kb6 48. Rb8+ Kc5 49. Qa5+ Kc4 50. Qb5+ Kc3 51. Rc8+ Kd2 52. Qd5+ Ke1 53. Re8+ Kf1 54. Qb5+ Qc4 55. Qxc4+ Rd3 56. Qxd3+ Kxf2 57. Qf3#) 40... Ke7 {Precision: White = 69%, Black = 48%.} 1-0